Представление документа в формате RUSMARC

ПолеНазваниеЗначение
  Тип записи a
  Библиографический уровень m
001 Контрольный номер cc94c73a3c464c69a4e840fdede6ad91
005 Дата корректировки 20140603114039.8
101 Язык документа 0_
a Язык текста rus
102 Страна публикации __
a Страна публикации RU
200 Заглавие и сведения об ответственности 1_
a Заглавие Математика : динамическое программирование
e Сведения, относящиеся к заглавию учеб. пособие
f Первые сведения об ответственности Г. Г. Волков, Е. А. Григорьев
g Последующие сведения об ответственности АНО ВПО ЦС РФ РУК, Чебоксар. кооп. ин-т
210 Выходные данные 1_
c Издательство ЧКИ РУК
a Место издания Чебоксары
d Дата издания 2008
215 Физическое описание __
a Объем 42, [2] с.
607 Географические рубрики __
a Географическое наименование филиал
b Чебоксары
610 Ключевые слова 0_
a Ключевые слова математика
610 Ключевые слова 0_
a Ключевые слова математическое программирование
610 Ключевые слова 0_
a Ключевые слова динамическое прграммирование
610 Ключевые слова 0_
a Ключевые слова экономика
610 Ключевые слова 0_
a Ключевые слова объект управления
610 Ключевые слова 0_
a Ключевые слова оптимальность
610 Ключевые слова 0_
a Ключевые слова инвестиции
610 Ключевые слова 0_
a Ключевые слова оборудование
610 Ключевые слова 0_
a Ключевые слова транспортная сеть
610 Ключевые слова 0_
a Ключевые слова оптимальное решение
610 Ключевые слова 0_
a Ключевые слова задача
686 Индексы других классификаций __
a Классификационный индекс 22.183.4я73
2 Код системы rubbk
686 Индексы других классификаций __
a Классификационный индекс 65в641я73
2 Код системы rubbk
700 Автор _1
a Фамилия Волков
b Имя Г. Г.
g Полное личное имя Геннадий Герасимович
701 Альтернативная интеллектуальная ответственность _1
a Фамилия Григорьев
b Имя Е. А.
g Полное личное имя Евгений Арсентьевич
711 Наименование организации. (Альтернативная ответственность) 02
a Организация/ юрисдикция АНО ВПО ЦС РФ РУК
711 Наименование организации. (Альтернативная ответственность) 02
a Организация/ юрисдикция Чебоксар. кооп. ин-т
801 Источник записи _0
a Страна RU
b Организация РУК
c Дата составления 20080408
g Правила каталогизации PSBO
801 Источник записи _1
a Страна RU
b Организация РУК
c Дата составления 20080408
g Правила каталогизации PSBO
852 Данные о местонахождении __
j Шифр хранения ББК 22.1
i Авторский знак В 67
901 Тип документа __
t Тип документа m
938 Служебная информация __
a Название организации Головной вуз
b Имя БД BOOK
c Название АИБС АИБС ИРБИС